[Event "AUT-ch"]
[Site "Vienna"]
[Date "1999.08.07"]
[Round "1"]
[White "Moser, Eva"]
[Black "Sommerbauer, Norbert"]
[Result "0-1"]
[WhiteElo "2223"]
[BlackElo "2401"]
[PlyCount "60"]
[EventDate "1999.10.07"]
[EventType "tourn"]
[EventRounds "15"]
[EventCountry "AUT"]
[EventCategory "5"]
[SourceTitle "CBM 073 Extra"]
[Source "ChessBase"]
[SourceDate "2000.01.11"]
[SourceVersion "1"]
[SourceVersionDate "2000.01.11"]
[SourceQuality "1"]

1. g3 d5 2. Bg2 c6 3. Nf3 Bg4 4. d3 Nd7 5. h3 Bxf3 6. Bxf3 e5 7. Nd2 Ngf6 8.
Bg2 Bc5 9. e3 O-O 10. O-O Qe7 11. c4 Rad8 12. Qc2 Rfe8 13. a3 a5 14. b3 h5 15.
Bb2 d4 16. e4 h4 17. Nf3 hxg3 18. fxg3 Nxe4 19. b4 Ba7 20. Kh2 Nxg3 21. Kxg3 e4
22. dxe4 Qd6+ 23. e5 Nxe5 24. c5 Qc7 25. Ng5 Ng6+ 26. Kg4 Bb8 27. Rxf7 Qg3+ 28.
Kh5 Qh4+ 29. Kxg6 Qh6+ 30. Kf5 g6+ 0-1

[Event "Mitropa Cup 19th"]
[Site "Baden"]
[Date "1999.04.10"]
[Round "9"]
[White "Moser, Eva"]
[Black "Benitah, Yohan"]
[Result "0-1"]
[WhiteElo "2223"]
[BlackElo "2341"]
[PlyCount "120"]
[EventDate "1999.04.01"]
[EventType "team-tourn"]
[EventRounds "9"]
[EventCountry "SUI"]
[SourceTitle "CBM 071"]
[Source "ChessBase"]
[SourceDate "1999.08.01"]
[SourceVersion "1"]
[SourceVersionDate "1999.08.01"]
[SourceQuality "1"]

1. e4 e6 2. d4 d5 3. Nc3 Nf6 4. Bg5 Be7 5. exd5 exd5 6. Qd2 Bf5 7. O-O-O O-O 8.
f3 c6 9. g4 Bd7 10. h4 b5 11. Bf4 a5 12. h5 a4 13. Bd3 Ne8 14. Nh3 Nd6 15. Bg5
f6 16. Bf4 Nc4 17. Qh2 Be8 18. Bf5 Bf7 19. Bc7 Qe8 20. Rde1 Na6 21. Bg3 Qd8 22.
Qe2 Bd6 23. Bh4 Qa5 24. Nd1 Rae8 25. Qg2 h6 26. f4 Qc7 27. Rhf1 Rxe1 28. Bxe1
Re8 29. g5 Rxe1 30. Rxe1 Bxf4+ 31. Kb1 fxg5 32. Bg6 Nb4 33. Ka1 Nd2 34. Nxf4
Bxg6 35. Qxd2 Nxc2+ 36. Kb1 Qxf4 37. hxg6 Nxe1 38. Qxe1 Qf5+ 39. Ka1 Qxg6 40.
Nc3 g4 41. Qg3 h5 42. a3 Qf6 43. Qb8+ Kh7 44. Qe8 Qg6 45. Qe1 g3 46. Ne2 h4 47.
Ng1 Qg4 48. Qf1 Kg8 49. Qg2 Qxd4 50. Ka2 Qe4 51. Nf3 d4 52. Nxh4 Qxg2 53. Nxg2
Kf7 54. Kb1 Kf6 55. Kc2 Kf5 56. Kd3 c5 57. Ne1 Kg4 58. Ke4 Kh3 59. Kf3 g5 60.
Nd3 c4 0-1

[Event "Mitropa Cup 19th"]
[Site "Baden"]
[Date "1999.04.09"]
[Round "8"]
[White "Moser, Eva"]
[Black "Balogh, Tomas"]
[Result "1/2-1/2"]
[WhiteElo "2223"]
[BlackElo "2435"]
[PlyCount "48"]
[EventDate "1999.04.01"]
[EventType "team-tourn"]
[EventRounds "9"]
[EventCountry "SUI"]
[SourceTitle "CBM 071"]
[Source "ChessBase"]
[SourceDate "1999.08.01"]
[SourceVersion "1"]
[SourceVersionDate "1999.08.01"]
[SourceQuality "1"]

1. e4 e5 2. Nf3 Nf6 3. d4 Nxe4 4. Bd3 Nc6 5. d5 Nc5 6. dxc6 e4 7. cxb7 Bxb7 8.
Be2 exf3 9. Bxf3 Rb8 10. O-O Be7 11. Nd2 O-O 12. Nb3 Ne6 13. Be3 Bxf3 14. Qxf3
a6 15. Rfd1 c6 16. Bd2 Qc7 17. c4 Bb4 18. Be3 a5 19. Qg3 Qxg3 20. hxg3 a4 21.
Nd4 Be7 22. Rab1 Rb7 23. b3 Rfb8 24. Nxe6 fxe6 1/2-1/2

[Event "Mitropa Cup 19th"]
[Site "Baden"]
[Date "1999.04.07"]
[Round "6"]
[White "Jelen, Igor"]
[Black "Moser, Eva"]
[Result "1-0"]
[WhiteElo "2389"]
[BlackElo "2223"]
[PlyCount "73"]
[EventDate "1999.04.01"]
[EventType "team-tourn"]
[EventRounds "9"]
[EventCountry "SUI"]
[SourceTitle "CBM 071"]
[Source "ChessBase"]
[SourceDate "1999.08.01"]
[SourceVersion "1"]
[SourceVersionDate "1999.08.01"]
[SourceQuality "1"]

1. d4 d6 2. Nf3 Nf6 3. c4 g6 4. Nc3 Bg7 5. e4 O-O 6. Be2 e5 7. O-O Nc6 8. d5
Ne7 9. b4 a5 10. Ba3 axb4 11. Bxb4 Nd7 12. a4 Bh6 13. a5 f5 14. Bd3 Kh8 15. Qb3
Ng8 16. Rfd1 Ngf6 17. exf5 gxf5 18. Bxf5 Nh5 19. Be6 Nf4 20. Ne4 Nxe6 21. dxe6
Nf6 22. Neg5 e4 23. Re1 Qe7 24. Nxe4 Nh5 25. Ng3 Nf4 26. Nd4 Nxe6 27. Ndf5 Qg5
28. h4 Qf4 29. Re4 Rxf5 30. Rxf4 Rxf4 31. Nh5 Rxh4 32. Qf3 Nf4 33. Bc3+ Kg8 34.
Nxf4 Rxf4 35. Qh5 Bg7 36. Bxg7 Rf5 37. Qh6 1-0

[Event "Mitropa Cup 19th"]
[Site "Baden"]
[Date "1999.04.05"]
[Round "5"]
[White "Moser, Eva"]
[Black "Zelcic, Robert"]
[Result "0-1"]
[WhiteElo "2223"]
[BlackElo "2554"]
[PlyCount "84"]
[EventDate "1999.04.01"]
[EventType "team-tourn"]
[EventRounds "9"]
[EventCountry "SUI"]
[SourceTitle "CBM 071"]
[Source "ChessBase"]
[SourceDate "1999.08.01"]
[SourceVersion "1"]
[SourceVersionDate "1999.08.01"]
[SourceQuality "1"]

1. e4 c6 2. d4 d5 3. Nd2 dxe4 4. Nxe4 Bf5 5. Ng3 Bg6 6. h4 h6 7. Nf3 Nf6 8. Ne5
Bh7 9. c3 e6 10. Bd2 Nbd7 11. f4 Be7 12. Qf3 O-O 13. O-O-O c5 14. dxc5 Nxc5 15.
Bc4 Qc7 16. f5 b5 17. Bf4 bxc4 18. Nc6 Qb6 19. Nxe7+ Kh8 20. Nh5 Rab8 21. Bxb8
Rxb8 22. Rd2 Nxh5 23. Qxh5 Nd3+ 24. Kb1 Nxb2 25. Ka1 Na4 26. Qf3 Bxf5 27. Nxf5
exf5 28. Rhd1 Nc5 29. Qf4 Nd3 30. Qd4 Qa6 31. Rb1 Rxb1+ 32. Kxb1 Qb7+ 33. Ka1
Qe7 34. Rd1 Qc7 35. Rb1 Kh7 36. h5 Qc6 37. g3 a5 38. Qb6 Qd5 39. Qd4 Qxd4 40.
cxd4 c3 41. d5 c2 42. Rf1 Kg8 0-1

[Event "Mitropa Cup 19th"]
[Site "Baden"]
[Date "1999.04.04"]
[Round "4"]
[White "Brunner, Lucas"]
[Black "Moser, Eva"]
[Result "1/2-1/2"]
[WhiteElo "2492"]
[BlackElo "2223"]
[PlyCount "146"]
[EventDate "1999.04.01"]
[EventType "team-tourn"]
[EventRounds "9"]
[EventCountry "SUI"]
[SourceTitle "CBM 071"]
[Source "ChessBase"]
[SourceDate "1999.08.01"]
[SourceVersion "1"]
[SourceVersionDate "1999.08.01"]
[SourceQuality "1"]

1. d4 d6 2. e4 Nf6 3. f3 e5 4. dxe5 dxe5 5. Qxd8+ Kxd8 6. Bc4 Be6 7. Bxe6 fxe6
8. Bg5 h6 9. Bh4 Nc6 10. Nd2 Bd6 11. c3 Ke7 12. Ne2 Rad8 13. Nc1 g5 14. Bf2
Rdg8 15. Nd3 g4 16. Ke2 Rg6 17. Bh4 gxf3+ 18. Kxf3 Ke8 19. Bxf6 Rxf6+ 20. Ke2
Rg6 21. g3 h5 22. Nf3 Rg4 23. Ke3 Rh7 24. b4 a6 25. a4 Bf8 26. Ndxe5 Bh6+ 27.
Kd3 Nxe5+ 28. Nxe5 Rg5 29. Nf3 Rd7+ 30. Kc2 Rg4 31. Rae1 c5 32. b5 Bg7 33. Re2
axb5 34. axb5 b6 35. Ra1 c4 36. Rd2 Rc7 37. e5 Re4 38. Ra6 Re3 39. Nd4 Rb7 40.
Ra8+ Kf7 41. Nc6 Kg6 42. Ra4 Re4 43. Nd8 Re7 44. Ra6 Bxe5 45. Rxb6 Bc7 46. Nc6
Bxb6 47. Nxe7+ Kf6 48. Nc8 Ba5 49. Rd4 Re2+ 50. Kd1 Rb2 51. Rxc4 Rxb5 52. Kc2
Rf5 53. Kb3 Rf3 54. Nd6 Bd8 55. Ne4+ Kg6 56. Kc2 h4 57. Kd2 hxg3 58. hxg3 Bg5+
59. Nxg5 Kxg5 60. Re4 Rxg3 61. Rxe6 Kf5 62. Re8 Rg7 63. c4 Rg3 64. Kc2 Ra3 65.
Kb2 Rg3 66. Re1 Rh3 67. Re2 Rg3 68. c5 Rh3 69. c6 Rh8 70. Kb3 Rc8 71. Rc2 Ke6
72. Kb4 Kd6 73. Kb5 Rb8+ 1/2-1/2

[Event "Mitropa Cup 19th"]
[Site "Baden"]
[Date "1999.04.03"]
[Round "3"]
[White "Gyimesi, Zoltan"]
[Black "Moser, Eva"]
[Result "1-0"]
[WhiteElo "2529"]
[BlackElo "2223"]
[PlyCount "87"]
[EventDate "1999.04.01"]
[EventType "team-tourn"]
[EventRounds "9"]
[EventCountry "SUI"]
[SourceTitle "CBM 071"]
[Source "ChessBase"]
[SourceDate "1999.08.01"]
[SourceVersion "1"]
[SourceVersionDate "1999.08.01"]
[SourceQuality "1"]

1. d4 d6 2. c4 g6 3. e4 Nf6 4. Nc3 Bg7 5. h3 O-O 6. Bg5 c5 7. d5 h6 8. Be3 e6
9. Bd3 exd5 10. exd5 a6 11. a4 Nbd7 12. Nf3 Re8 13. O-O Kh7 14. Qd2 Qc7 15.
Rae1 Ne5 16. Nxe5 dxe5 17. f4 e4 18. Bc2 h5 19. Bf2 Bf5 20. Re2 Rad8 21. Rfe1
Bh6 22. g3 e3 23. Rxe3 Rxe3 24. Rxe3 Bxh3 25. Qe1 Rd7 26. Re5 h4 27. Ne4 Nxe4
28. Qxe4 hxg3 29. Bxg3 f5 30. Qh1 Bg4 31. Bh4 Bh5 32. Bg3 Bg4 33. Be1 b5 34.
axb5 axb5 35. cxb5 Qb6 36. Qh4 Qa7 37. d6 c4+ 38. Bf2 Qa1+ 39. Re1 Qxb2 40.
Re7+ Rxe7 41. Qxe7+ Bg7 42. d7 Qa1+ 43. Kh2 Bf3 44. Be1 1-0

[Event "Mitropa Cup 19th"]
[Site "Baden"]
[Date "1999.04.02"]
[Round "2"]
[White "Moser, Eva"]
[Black "Cvek, Robert"]
[Result "1/2-1/2"]
[WhiteElo "2223"]
[BlackElo "2442"]
[PlyCount "48"]
[EventDate "1999.04.01"]
[EventType "team-tourn"]
[EventRounds "9"]
[EventCountry "SUI"]
[SourceTitle "CBM 071"]
[Source "ChessBase"]
[SourceDate "1999.08.01"]
[SourceVersion "1"]
[SourceVersionDate "1999.08.01"]
[SourceQuality "1"]

1. e4 Nf6 2. d3 e5 3. Nf3 Nc6 4. Be2 d5 5. Nbd2 Be7 6. O-O O-O 7. c3 a5 8. Qc2
a4 9. Re1 h6 10. Nf1 Be6 11. Ng3 Bc5 12. h3 Bb6 13. exd5 Bxd5 14. Nd2 Qd7 15.
Nc4 Ba7 16. Ne3 Be6 17. b4 axb3 18. axb3 Ne7 19. Ba3 Rfe8 20. Bf3 c6 21. Nc4
Bxc4 22. dxc4 Qc7 23. Red1 Ng6 24. Bd6 Qc8 1/2-1/2

[Event "AUT-chT2S 9899"]
[Site "Austria"]
[Date "1999.03.20"]
[Round "10.5"]
[White "Moser, Eva"]
[Black "Riemelmoser, Franz"]
[Result "1/2-1/2"]
[WhiteElo "2190"]
[BlackElo "2210"]
[PlyCount "126"]
[EventDate "1998.10.??"]
[EventType "team-tourn"]
[EventRounds "11"]
[EventCountry "AUT"]
[SourceTitle "EXT 2001"]
[Source "ChessBase"]
[SourceDate "2000.11.22"]
[SourceVersion "1"]
[SourceVersionDate "2000.11.22"]
[SourceQuality "1"]

1. e4 e6 2. d4 d5 3. Nc3 Bb4 4. a3 Bxc3+ 5. bxc3 dxe4 6. f3 e5 7. Qd2 exd4 8.
cxd4 Nf6 9. Bb2 O-O 10. O-O-O Be6 11. h4 Nbd7 12. fxe4 Nxe4 13. Qf4 Ndf6 14. d5
Bg4 15. Rd4 Re8 16. Bb5 Re7 17. d6 cxd6 18. Nf3 Qa5 19. Rb4 a6 20. Ng5 h5 21.
Nxe4 Rxe4 22. Rxe4 Nxe4 23. Bd3 Nc5 24. Bc4 Ne6 25. Bxe6 Bxe6 26. Qxd6 Rd8 27.
Qf4 Qd5 28. Rg1 Rc8 29. Qd4 f6 30. Qxd5 Bxd5 31. Bd4 Re8 32. g3 Re2 33. Rf1 Rg2
34. Rg1 Rh2 35. Rf1 Be4 36. Rf2 Rh3 37. Rf4 f5 38. Bf2 Kf7 39. Kb2 Ke6 40. Be1
Ke5 41. Bf2 Rh2 42. Kb3 g6 43. c3 Kd5 44. Ba7 Rh3 45. Bb8 Rxg3 46. Rxe4 Kxe4
47. Bxg3 f4 48. Bf2 Kf3 49. Bd4 Ke2 50. c4 f3 51. Kb4 f2 52. Bxf2 Kxf2 53. Ka5
Kg3 54. Kb6 Kxh4 55. Kxb7 Kg3 56. c5 h4 57. c6 h3 58. c7 h2 59. c8=Q h1=Q+ 60.
Kxa6 Qf1+ 61. Kb6 Qh1 62. Ka7 Qe4 63. Qc5 Kf4 1/2-1/2

[Event "AUT-chT2S 9899"]
[Site "Austria"]
[Date "1999.03.19"]
[Round "9.3"]
[White "Krebs, Johann"]
[Black "Moser, Eva"]
[Result "1-0"]
[WhiteElo "2130"]
[BlackElo "2190"]
[PlyCount "61"]
[EventDate "1998.10.??"]
[EventType "team-tourn"]
[EventRounds "11"]
[EventCountry "AUT"]
[SourceTitle "EXT 2001"]
[Source "ChessBase"]
[SourceDate "2000.11.22"]
[SourceVersion "1"]
[SourceVersionDate "2000.11.22"]
[SourceQuality "1"]

1. d4 d6 2. Nf3 Nf6 3. c4 g6 4. g3 Bg7 5. Bg2 O-O 6. O-O Nc6 7. d5 Na5 8. Nfd2
c5 9. Nc3 Rb8 10. Qc2 e6 11. b3 exd5 12. cxd5 b5 13. Bb2 Ba6 14. Rfe1 Re8 15.
Nde4 b4 16. Nxf6+ Qxf6 17. Nd1 Qd8 18. e4 c4 19. Bxg7 Kxg7 20. Bf1 Qc8 21. bxc4
Nxc4 22. Rc1 Ne5 23. Qb2 Qxc1 24. Qxc1 Nf3+ 25. Kh1 Nxe1 26. Bxa6 Rxe4 27. Ne3
Nf3 28. Kg2 Ne5 29. f3 Rd4 30. Qb2 b3 31. Qxd4 1-0

[Event "AUT-chT2S 9899"]
[Site "Austria"]
[Date "1999.03.07"]
[Round "8.4"]
[White "Rudolph, Johannes"]
[Black "Moser, Eva"]
[Result "1/2-1/2"]
[WhiteElo "2255"]
[BlackElo "2190"]
[PlyCount "42"]
[EventDate "1998.10.??"]
[EventType "team-tourn"]
[EventRounds "11"]
[EventCountry "AUT"]
[SourceTitle "EXT 2001"]
[Source "ChessBase"]
[SourceDate "2000.11.22"]
[SourceVersion "1"]
[SourceVersionDate "2000.11.22"]
[SourceQuality "1"]

1. d4 d6 2. c4 g6 3. Nc3 Bg7 4. e4 Nf6 5. Be2 O-O 6. Bg5 c5 7. d5 h6 8. Be3 e6
9. dxe6 Bxe6 10. Qd2 Kh7 11. h4 Ng4 12. Bxg4 Bxg4 13. f3 Be6 14. b3 Nc6 15.
Nge2 Qa5 16. Rd1 Rad8 17. Nd5 Qxd2+ 18. Rxd2 f5 19. Nef4 Bc8 20. exf5 Bxf5 21.
O-O Rf7 1/2-1/2

[Event "AUT-chT2S 9899"]
[Site "Austria"]
[Date "1999.03.06"]
[Round "7.4"]
[White "Detter, Peter"]
[Black "Moser, Eva"]
[Result "1/2-1/2"]
[WhiteElo "2170"]
[BlackElo "2190"]
[PlyCount "33"]
[EventDate "1998.10.??"]
[EventType "team-tourn"]
[EventRounds "11"]
[EventCountry "AUT"]
[SourceTitle "EXT 2001"]
[Source "ChessBase"]
[SourceDate "2000.11.22"]
[SourceVersion "1"]
[SourceVersionDate "2000.11.22"]
[SourceQuality "1"]

1. e4 e6 2. d4 d5 3. Nc3 dxe4 4. Nxe4 Nd7 5. Nf3 Ngf6 6. Nxf6+ Nxf6 7. Bg5 Be7
8. Bd3 c5 9. dxc5 Qa5+ 10. c3 Qxc5 11. Qe2 O-O 12. O-O-O Ng4 13. Bxe7 Qxe7 14.
Rhe1 Qc5 15. Rd2 Nf6 16. Qe5 Qxe5 17. Nxe5 1/2-1/2

[Event "AUT-chT2S 9899"]
[Site "Austria"]
[Date "1999.01.24"]
[Round "6.5"]
[White "Schigan, Manfred"]
[Black "Moser, Eva"]
[Result "1/2-1/2"]
[WhiteElo "2295"]
[BlackElo "2190"]
[PlyCount "44"]
[EventDate "1998.10.??"]
[EventType "team-tourn"]
[EventRounds "11"]
[EventCountry "AUT"]
[SourceTitle "EXT 2001"]
[Source "ChessBase"]
[SourceDate "2000.11.22"]
[SourceVersion "1"]
[SourceVersionDate "2000.11.22"]
[SourceQuality "1"]

1. e4 d6 2. d4 Nf6 3. Nc3 e5 4. Nf3 Nbd7 5. Bc4 Be7 6. O-O O-O 7. Re1 c6 8. Bf1
Qc7 9. b3 b5 10. Bb2 a6 11. Nb1 Re8 12. Nbd2 Bb7 13. c4 exd4 14. Nxd4 Bf8 15.
Qc2 b4 16. Nf5 g6 17. Ne3 Bg7 18. Rad1 Rad8 19. g3 Re7 20. Bg2 Rde8 21. Kf1 Nc5
22. f3 a5 1/2-1/2

[Event "AUT-chT2S 9899"]
[Site "Austria"]
[Date "1999.01.23"]
[Round "5.5"]
[White "Moser, Eva"]
[Black "Senoner, Erich2"]
[Result "1-0"]
[WhiteElo "2190"]
[BlackElo "2160"]
[PlyCount "53"]
[EventDate "1998.10.??"]
[EventType "team-tourn"]
[EventRounds "11"]
[EventCountry "AUT"]
[SourceTitle "EXT 2001"]
[Source "ChessBase"]
[SourceDate "2000.11.22"]
[SourceVersion "1"]
[SourceVersionDate "2000.11.22"]
[SourceQuality "1"]

1. e4 d5 2. exd5 Nf6 3. d4 c6 4. dxc6 Nxc6 5. Nf3 e5 6. Nxe5 Nxe5 7. dxe5 Qxd1+
8. Kxd1 Ng4 9. Bb5+ Bd7 10. Bxd7+ Kxd7 11. Ke2 Bc5 12. f3 Nxe5 13. Rd1+ Kc6 14.
Nc3 Rhe8 15. Kf1 Nc4 16. Ne4 Bb6 17. b3 f5 18. Ng3 Ne3+ 19. Bxe3 Rxe3 20. Nxf5
Rc3 21. Ne7+ Kb5 22. a4+ Ka6 23. a5 Bd8 24. Nd5 Rc5 25. c4 Rxa5 26. b4 Rc8 27.
b5# 1-0

[Event "Elekes Memorial IM"]
[Site "Budapest"]
[Date "1999.??.??"]
[Round "11"]
[White "Hummel, Markus"]
[Black "Moser, Eva"]
[Result "1/2-1/2"]
[WhiteElo "2130"]
[BlackElo "2223"]
[PlyCount "44"]
[EventDate "1999.??.??"]
[EventType "tourn"]
[EventRounds "11"]
[EventCountry "HUN"]
[EventCategory "3"]
[SourceTitle "EXT 2002"]
[Source "ChessBase"]
[SourceDate "2001.11.25"]
[SourceVersion "1"]
[SourceVersionDate "2001.11.25"]
[SourceQuality "1"]

1. d4 Nf6 2. c4 c5 3. d5 b5 4. cxb5 a6 5. bxa6 g6 6. Nc3 Bxa6 7. e4 Bxf1 8.
Kxf1 d6 9. Nf3 Bg7 10. g3 O-O 11. Kg2 Nbd7 12. Re1 Qb6 13. Re2 Rfb8 14. Bg5 h6
15. Bf4 Qa6 16. h4 Ne8 17. Qc1 Kh7 18. Rb1 Nc7 19. b3 c4 20. bxc4 Qxc4 21. Rxb8
Rxb8 22. Bd2 Nb5 1/2-1/2

[Event "Elekes Memorial IM"]
[Site "Budapest"]
[Date "1999.??.??"]
[Round "10"]
[White "Moser, Eva"]
[Black "Mester, Gyula"]
[Result "0-1"]
[WhiteElo "2223"]
[BlackElo "2389"]
[PlyCount "70"]
[EventDate "1999.??.??"]
[EventType "tourn"]
[EventRounds "11"]
[EventCountry "HUN"]
[EventCategory "3"]
[SourceTitle "EXT 2002"]
[Source "ChessBase"]
[SourceDate "2001.11.25"]
[SourceVersion "1"]
[SourceVersionDate "2001.11.25"]
[SourceQuality "1"]

1. e4 Nc6 2. Nf3 d6 3. d4 Nf6 4. d5 Ne5 5. Nxe5 dxe5 6. Bb5+ Bd7 7. Qe2 a6 8.
Bxd7+ Qxd7 9. O-O O-O-O 10. c4 e6 11. Nc3 Bc5 12. Bd2 h5 13. Rab1 exd5 14. cxd5
Qg4 15. Qd3 Bd4 16. Rbe1 h4 17. Kh1 Qg6 18. Qe2 Nh5 19. Rc1 f5 20. exf5 Qxf5
21. Ne4 Kb8 22. Ba5 Ng3+ 23. fxg3 hxg3 24. Bxc7+ Ka7 25. Nxg3 Rxh2+ 26. Kxh2
Rh8+ 27. Nh5 Rxh5+ 28. Qxh5 Qxh5+ 29. Kg3 g5 30. d6 Qh4+ 31. Kf3 Qf4+ 32. Ke2
Qe3+ 33. Kd1 Qd3+ 34. Ke1 Bxb2 35. Rf3 Qe4+ 0-1

[Event "Elekes Memorial IM"]
[Site "Budapest"]
[Date "1999.??.??"]
[Round "9"]
[White "Somogyi, Istvan"]
[Black "Moser, Eva"]
[Result "1/2-1/2"]
[WhiteElo "2217"]
[BlackElo "2223"]
[PlyCount "98"]
[EventDate "1999.??.??"]
[EventType "tourn"]
[EventRounds "11"]
[EventCountry "HUN"]
[EventCategory "3"]
[SourceTitle "EXT 2002"]
[Source "ChessBase"]
[SourceDate "2001.11.25"]
[SourceVersion "1"]
[SourceVersionDate "2001.11.25"]
[SourceQuality "1"]

1. d4 d6 2. Nf3 Nf6 3. g3 g6 4. Bg2 Bg7 5. O-O O-O 6. c4 Nc6 7. Nc3 e5 8. h3 h6
9. Be3 Nd7 10. Qd2 Kh7 11. Rad1 f5 12. dxe5 dxe5 13. Nd5 e4 14. Nd4 Nb6 15. b3
Ne5 16. Nb5 Nxd5 17. cxd5 a6 18. Nc3 Qf6 19. Bd4 b6 20. f3 exf3 21. exf3 Qd6
22. f4 Nd7 23. Rfe1 Bxd4+ 24. Qxd4 Nf6 25. Re5 Bd7 26. Kh2 Rae8 27. Rde1 c5 28.
Qe3 b5 29. Re7+ Kg8 30. Qe5 Qxe7 31. Qxe7 Rxe7 32. Rxe7 Rf7 33. Re5 Ne8 34. a4
Nd6 35. Bf1 Kf8 36. Kg2 Re7 37. Kf3 b4 38. Nb1 a5 39. Nd2 Bc8 40. Nc4 Nxc4 41.
Bxc4 Rd7 42. d6 Rxd6 43. Rxc5 Ba6 44. Rxa5 Bxc4 45. bxc4 Rd3+ 46. Kf2 Ra3 47.
Ra7 Rc3 48. Rc7 Ra3 49. Ra7 Rc3 1/2-1/2

[Event "Elekes Memorial IM"]
[Site "Budapest"]
[Date "1999.??.??"]
[Round "8"]
[White "Moser, Eva"]
[Black "Portisch, Ferenc"]
[Result "1-0"]
[WhiteElo "2223"]
[BlackElo "2385"]
[PlyCount "66"]
[EventDate "1999.??.??"]
[EventType "tourn"]
[EventRounds "11"]
[EventCountry "HUN"]
[EventCategory "3"]
[SourceTitle "EXT 2002"]
[Source "ChessBase"]
[SourceDate "2001.11.25"]
[SourceVersion "1"]
[SourceVersionDate "2001.11.25"]
[SourceQuality "1"]

1. e4 e6 2. d4 d5 3. Nc3 Bb4 4. a3 Bxc3+ 5. bxc3 dxe4 6. f3 Bd7 7. Nh3 Bc6 8.
fxe4 Bxe4 9. Ng5 Bg6 10. Bd3 Nf6 11. O-O Nc6 12. Rb1 Rb8 13. Qe1 Bxd3 14. cxd3
Qd7 15. Rb2 Ne7 16. Rbf2 Neg8 17. Ne4 h6 18. Bb2 b5 19. Nc5 Qc6 20. c4 bxc4 21.
dxc4 Ne7 22. Bc3 Qd6 23. Re2 Rb6 24. Nxe6 Qxe6 25. Rxe6 Rxe6 26. Qc1 c6 27. d5
cxd5 28. Bxf6 gxf6 29. cxd5 Rd6 30. Qc7 Rxd5 31. Re1 Rd7 32. Qc8+ Rd8 33. Qc5
Rd7 1-0

[Event "Elekes Memorial IM"]
[Site "Budapest"]
[Date "1999.??.??"]
[Round "7"]
[White "Markus, Robert"]
[Black "Moser, Eva"]
[Result "1/2-1/2"]
[WhiteElo "2302"]
[BlackElo "2223"]
[PlyCount "53"]
[EventDate "1999.??.??"]
[EventType "tourn"]
[EventRounds "11"]
[EventCountry "HUN"]
[EventCategory "3"]
[SourceTitle "EXT 2002"]
[Source "ChessBase"]
[SourceDate "2001.11.25"]
[SourceVersion "1"]
[SourceVersionDate "2001.11.25"]
[SourceQuality "1"]

1. d4 d6 2. e4 Nf6 3. f3 e5 4. Ne2 Nbd7 5. c4 c6 6. Nbc3 Qa5 7. Be3 d5 8. cxd5
cxd5 9. dxe5 Nxe5 10. exd5 Bd6 11. Nd4 O-O 12. Nb3 Qd8 13. Qd4 a6 14. Be2 b5
15. O-O Bb7 16. Nc5 Bxc5 17. Qxc5 Rc8 18. Qd4 Nxd5 19. Nxd5 Qxd5 20. Qxd5 Bxd5
21. Bd4 Nc6 22. Bc5 Rfe8 23. Rfe1 Ne5 24. Bd4 Nc6 25. Bc5 Ne5 26. Bd4 Nc6 27.
Bc5 1/2-1/2

[Event "Elekes Memorial IM"]
[Site "Budapest"]
[Date "1999.??.??"]
[Round "6"]
[White "Moser, Eva"]
[Black "Lorincz, Istvan"]
[Result "0-1"]
[WhiteElo "2223"]
[BlackElo "2326"]
[PlyCount "82"]
[EventDate "1999.??.??"]
[EventType "tourn"]
[EventRounds "11"]
[EventCountry "HUN"]
[EventCategory "3"]
[SourceTitle "EXT 2002"]
[Source "ChessBase"]
[SourceDate "2001.11.25"]
[SourceVersion "1"]
[SourceVersionDate "2001.11.25"]
[SourceQuality "1"]

1. e4 c6 2. d4 d5 3. Nd2 dxe4 4. Nxe4 Bf5 5. Ng3 Bg6 6. h4 h6 7. Nf3 Nd7 8. Bc4
e6 9. Qe2 Ngf6 10. h5 Bh7 11. O-O Be7 12. Ne5 O-O 13. Re1 Nxe5 14. dxe5 Nd5 15.
Bb3 Qb6 16. Ne4 Rad8 17. Bd2 Qd4 18. Qg4 Qxe5 19. Bxd5 cxd5 20. Ng3 Qf6 21. c3
Rc8 22. Be3 Rc4 23. Qe2 Bc5 24. Bxc5 Rxc5 25. Qe5 Rfc8 26. Qxf6 gxf6 27. f4 Kf8
28. Re3 Rb5 29. b4 d4 30. cxd4 Rxb4 31. f5 exf5 32. Rf3 Rxd4 33. Raf1 Rc2 34.
Rf4 Rdd2 35. R4f2 Rxa2 36. Rxd2 Rxd2 37. Rf4 b5 38. Nf1 Re2 39. Ng3 Rb2 40. Nf1
a5 41. Ne3 a4 0-1

[Event "Elekes Memorial IM"]
[Site "Budapest"]
[Date "1999.??.??"]
[Round "5"]
[White "Moser, Eva"]
[Black "Sedlak, Nikola"]
[Result "1/2-1/2"]
[WhiteElo "2223"]
[BlackElo "2349"]
[PlyCount "101"]
[EventDate "1999.??.??"]
[EventType "tourn"]
[EventRounds "11"]
[EventCountry "HUN"]
[EventCategory "3"]
[SourceTitle "EXT 2002"]
[Source "ChessBase"]
[SourceDate "2001.11.25"]
[SourceVersion "1"]
[SourceVersionDate "2001.11.25"]
[SourceQuality "1"]

1. e4 c5 2. c3 Nf6 3. e5 Nd5 4. d4 cxd4 5. Nf3 e6 6. cxd4 b6 7. Bd3 Bb4+ 8. Bd2
Bxd2+ 9. Qxd2 Ba6 10. Bxa6 Nxa6 11. O-O O-O 12. Na3 Nab4 13. Nb5 Nc6 14. Rac1
f6 15. Rfe1 Qe8 16. exf6 gxf6 17. Qh6 Qg6 18. Qxg6+ hxg6 19. a3 g5 20. Nc3 Nxc3
21. Rxc3 g4 22. Nh4 Nxd4 23. Re4 e5 24. Rxg4+ Kf7 25. Kf1 Rac8 26. f4 Ke6 27.
Ng6 Rg8 28. fxe5 fxe5 29. Re3 d6 30. Nxe5 dxe5 31. Rxd4 Rc1+ 32. Kf2 Rc2+ 33.
Kf3 Rgxg2 34. Rd8 Rxh2 35. Re8+ Kd6 36. R3xe5 Rhf2+ 37. Kg3 Rg2+ 38. Kh3 Rg6
39. Re2 Rxe2 40. Rxe2 Kc5 41. Re4 a5 42. b3 Rd6 43. Rc4+ Kd5 44. Kg2 b5 45. Rg4
Kc6 46. Kf2 Rd2+ 47. Ke3 Rb2 48. Rg6+ Kd7 49. b4 axb4 50. axb4 Rxb4 51. Kd3
1/2-1/2

[Event "Elekes Memorial IM"]
[Site "Budapest"]
[Date "1999.??.??"]
[Round "4"]
[White "Biro, Andras"]
[Black "Moser, Eva"]
[Result "1/2-1/2"]
[WhiteElo "2291"]
[BlackElo "2223"]
[PlyCount "91"]
[EventDate "1999.??.??"]
[EventType "tourn"]
[EventRounds "11"]
[EventCountry "HUN"]
[EventCategory "3"]
[SourceTitle "EXT 2002"]
[Source "ChessBase"]
[SourceDate "2001.11.25"]
[SourceVersion "1"]
[SourceVersionDate "2001.11.25"]
[SourceQuality "1"]

1. e4 e6 2. d3 d5 3. Nd2 Nf6 4. Ngf3 c5 5. g3 Be7 6. Bg2 Nc6 7. O-O O-O 8. e5
Nd7 9. Qe2 Qc7 10. Re1 b5 11. Nf1 Nd4 12. Nxd4 cxd4 13. Bf4 Bb7 14. h4 Rfc8 15.
Rac1 Qa5 16. a3 Rc7 17. Nh2 Rac8 18. Nf3 Qb6 19. h5 a5 20. h6 g6 21. Bg5 Bc5
22. Nh2 b4 23. axb4 Bxb4 24. Rf1 Bf8 25. b3 Rc6 26. Ng4 Qc7 27. c4 dxc3 28. Rc2
Ba6 29. f4 Qb6+ 30. Kh2 Qb5 31. Rf3 Qxb3 32. Bf6 a4 33. f5 exf5 34. Rxf5 a3 35.
Rf2 a2 36. Qf1 Bxd3 37. Qxd3 a1=Q 38. Bxd5 Qb6 39. Bxf7+ Kxf7 40. Qxd7+ Kg8 41.
Bg7 Qaa7 42. Qd5+ Re6 43. Nf6+ Kf7 44. Ng4+ Kg8 45. Nf6+ Kf7 46. Ng4+ 1/2-1/2